000 00998nam a22003377a 4500
001 BR2023000696
003 BR-BrBNA
005 20230628145250.0
008 230614b bl.||||| |||| 00| 0 por d
040 _aBR-BrBNA
_bpor
041 _apor
072 _aP01 ; D50 ; C20
090 _aP01 BR2023000696
100 _aReis, Alessandra Terezinha Chaves Cotrim
110 _aAssociação de Agricultores e Irrigantes da Bahia, Barreiras (Brazil)
245 _aRegularização ambiental de propriedades rurais na Bahia
250 _a2. ed.
260 _aBarreiras, BA (Brazil)
_c[nd]
300 _a60 p.
500 _aPublished 2016?; Glossary p. 58-61; 23 illus.; 5 tables
650 _aPROPRIEDADE RURAL
650 _aASSOCIAÇÃO RURAL
650 _aCADASTRO RURAL
650 _aZONEAMENTO ECOLÓGICO
650 _aPOLÍTICA AMBIENTAL
650 _aPRESERVAÇÃO DA NATUREZA
650 _aLEGISLAÇÃO
650 _aBAHIA
909 _a202306
_bFernando
942 _cBK
999 _c9371
_d9371